000 00311nam a2200145Ia 4500
100 _aSzenasy/S.S
650 _aGeneral
942 _cBK
654 _aOffices
245 _aPrivate And Exective Offices
260 _bFacts On Fil Inc.
_aNew York
_c1984
082 _a747.8
300 _a96
546 _aENGLISH
999 _c29176
_d29176